| 000 | 00534nam a22001817a 4500 | ||
|---|---|---|---|
| 005 | 20241127125233.0 | ||
| 008 | 241127b |||||||| |||| 00| 0 eng d | ||
| 022 | _a18738192 | ||
| 040 |
_aKMU _cKMU _dKMU |
||
| 110 | _aTechnical Centre for Agricultural and Rural Cooperation (CTA) | ||
| 245 | _aLinking smallholder farmers to markets | ||
| 260 |
_aNetherlands: _bCTA, _c2009 |
||
| 300 |
_aI,6 P.: _bill.; _c7cm |
||
| 490 | _aCTA ptractical guide series, N0.16 | ||
| 650 | _aSmallholder farmers | ||
| 650 | _aMarkets | ||
| 942 |
_cSE _n0 |
||
| 999 |
_c1457 _d1457 |
||